[Event "XXXV Festival A"]
[Site "Arco ITA"]
[Date "2013.10.13"]
[Round "2"]
[White "Kveinys, Aloyzas"]
[Black "Cardili, Mariano"]
[WhiteElo "2511"]
[BlackElo "2127"]
[Result "1-0"]
[PlyCount "55"]
[EventDate "2013.10.12"]

1. d4 d5 2. c4 c6 3. Nc3 Nf6 4. e3 a6 5. Qc2 Bg4 6. h3 Bh5 7. Qb3 b5 8. cxd5
cxd5 9. g4 Bg6 10. g5 Nh5 11. Qxd5 Qxd5 12. Nxd5 Be4 13. Nc7+ Kd7 14. f3 Bxf3
15. Nxf3 Kxc7 16. Bd2 Nd7 17. Ba5+ Kb8 18. Bg2 Ra7 19. O-O Ng3 20. Rf2 e6 21.
Rc1 Bd6 22. Rfc2 f6 23. Ne1 Re8 24. Nd3 Nf5 25. Nb4 Ne7 26. Bc7+ Bxc7 27. Rxc7
Nd5 28. Rxa7 1-0

[Event "XXXV Festival A"]
[Site "Arco ITA"]
[Date "2013.10.13"]
[Round "2"]
[White "Meister, Peter"]
[Black "Pedersen, Henrik Bolding"]
[WhiteElo "2399"]
[BlackElo "2123"]
[Result "1/2-1/2"]
[PlyCount "87"]
[EventDate "2013.10.12"]

1. d4 Nf6 2. Nf3 e6 3. e3 c5 4. Bd3 b6 5. O-O Bb7 6. c4 g6 7. Nc3 Bg7 8. d5
exd5 9. cxd5 Nxd5 10. Nb5 O-O 11. Nd6 Bc6 12. e4 Nc7 13. Bg5 Bf6 14. Qd2 Ne6
15. Bh6 Bg7 16. Bc4 Qf6 17. Bxg7 Kxg7 18. Rfd1 a5 19. a4 Na6 20. Qc3 Nb4 21.
Bb3 Rab8 22. Rd2 Ba8 23. Rad1 Na6 24. h4 Bc6 25. h5 Qxc3 26. bxc3 c4 27. Bxc4
Nac5 28. Bb5 Nxe4 29. Nxe4 Bxe4 30. Ne5 Nc5 31. hxg6 hxg6 32. Nxd7 Nxd7 33.
Rxd7 Rbc8 34. R7d6 Rb8 35. R1d4 Bf5 36. Bc4 Rfe8 37. g4 Re1+ 38. Kg2 Be6 39.
Bxe6 Rxe6 40. Rxe6 fxe6 41. c4 g5 42. Kf3 Kf6 43. Ke3 Ke5 44. Re4+ 1/2-1/2

[Event "XXXV Festival A"]
[Site "Arco ITA"]
[Date "2013.10.13"]
[Round "2"]
[White "Messina, Roberta"]
[Black "Bruno, Fabio"]
[WhiteElo "2062"]
[BlackElo "2408"]
[Result "0-1"]
[PlyCount "58"]
[EventDate "2013.10.12"]

1. c4 c5 2. g3 g6 3. Bg2 Bg7 4. Nc3 Nc6 5. d3 e6 6. e4 Nge7 7. Nge2 d6 8. O-O
O-O 9. Bg5 h6 10. Be3 Nd4 11. Qd2 Kh7 12. Nb5 Nxb5 13. cxb5 Bd7 14. a4 e5 15.
b4 b6 16. Rab1 a6 17. f4 axb5 18. bxc5 dxc5 19. axb5 exf4 20. Bxf4 Be6 21. Rfc1
Ra4 22. Kh1 Qd7 23. Nc3 Rd4 24. Bf1 Rd8 25. Be3 Rxd3 26. Bxd3 Qxd3 27. Rc2 Bxc3
28. Qxc3 Qxe4+ 29. Kg1 Rd3 0-1

[Event "XXXV Festival A"]
[Site "Arco ITA"]
[Date "2013.10.13"]
[Round "2"]
[White "Oppici, Gabriele"]
[Black "Xia, Jie"]
[WhiteElo "1977"]
[BlackElo "2282"]
[Result "0-1"]
[PlyCount "86"]
[EventDate "2013.10.12"]

1. d4 Nf6 2. Nf3 g6 3. Bf4 Bg7 4. e3 O-O 5. h3 d6 6. Be2 Nfd7 7. O-O e5 8. Bh2
Nc6 9. c3 Qe7 10. Na3 a6 11. b4 f5 12. Qb3+ Kh8 13. d5 Nd8 14. Rac1 g5 15. Nd2
Nf6 16. c4 Rg8 17. c5 f4 18. cxd6 cxd6 19. b5 Bh6 20. b6 g4 21. Rc7 Qe8 22.
exf4 gxh3 23. g3 Bxf4 24. Qc2 Nf7 25. Kh1 Bh6 26. Ne4 Nxd5 27. Nxd6 Nxc7 28.
Nxe8 Nxe8 29. Bc4 Ned6 30. Bxf7 Nxf7 31. Qc7 Rf8 32. Nc4 Be6 33. Nxe5 Bd5+ 34.
Kg1 Bg7 35. f4 Nxe5 36. fxe5 Bh6 37. Rf6 Be3+ 38. Kf1 Rfc8 39. Ke2 Rxc7 40.
bxc7 Bc5 41. g4 Be7 42. Rb6 Rc8 43. e6 Bc5 0-1

[Event "XXXV Festival A"]
[Site "Arco ITA"]
[Date "2013.10.13"]
[Round "2"]
[White "Romagnoli, Roberto"]
[Black "Karpatchev, Aleksandr"]
[WhiteElo "2079"]
[BlackElo "2461"]
[Result "0-1"]
[PlyCount "62"]
[EventDate "2013.10.12"]

1. c4 e5 2. Nc3 Nf6 3. g3 d5 4. cxd5 Nxd5 5. Bg2 Nb6 6. Nf3 Nc6 7. O-O Be7 8.
d3 O-O 9. Be3 Be6 10. Nd2 Rb8 11. Bxb6 axb6 12. Nc4 f6 13. Rc1 Kh8 14. a3 Qd7
15. Re1 Rfd8 16. Nd2 Nd4 17. Nf3 Nb3 18. Rb1 b5 19. Qc2 c5 20. Ne4 Rbc8 21.
Ned2 c4 22. Nxb3 cxb3 23. Qd1 Rc2 24. Nd2 f5 25. Rc1 Rdc8 26. Rxc2 bxc2 27. Qc1
b4 28. Nf3 bxa3 29. bxa3 Qa4 30. Nxe5 Bxa3 31. Qa1 c1=Q 0-1

[Event "XXXV Festival A"]
[Site "Arco ITA"]
[Date "2013.10.13"]
[Round "2"]
[White "Schnitzspan, Lothar"]
[Black "Facchetti, Gianni"]
[WhiteElo "2324"]
[BlackElo "2080"]
[Result "1-0"]
[PlyCount "70"]
[EventDate "2013.10.12"]

1. Nf3 Nf6 2. c4 d6 3. g3 e5 4. Bg2 Nbd7 5. Nc3 Be7 6. O-O c6 7. e4 c5 8. a3
O-O 9. b4 b6 10. Nh4 Re8 11. f4 Nf8 12. f5 N6d7 13. Nd5 Bb7 14. Nxe7+ Qxe7 15.
d3 cxb4 16. axb4 a5 17. b5 f6 18. Bf3 Ra7 19. Kh1 Rea8 20. Rg1 a4 21. Ba3 Nc5
22. Ra2 Nb3 23. Bh5 Nc5 24. Rag2 Bc8 25. g4 h6 26. Nf3 Nh7 27. h4 Qf8 28. Bg6
Re7 29. g5 fxg5 30. hxg5 Raa7 31. Rh2 Qd8 32. gxh6 Nf6 33. h7+ Kh8 34. Nh4 Bd7
35. Bf7 g5 1-0

[Event "XXXV Festival A"]
[Site "Arco ITA"]
[Date "2013.10.13"]
[Round "2"]
[White "Valenti, Giuseppe"]
[Black "Di Lazzaro, Gabriele"]
[WhiteElo "2177"]
[BlackElo "1936"]
[Result "1-0"]
[PlyCount "79"]
[EventDate "2013.10.12"]

1. e4 d5 2. exd5 Nf6 3. d4 Nxd5 4. Nf3 g6 5. h3 Bg7 6. Bc4 O-O 7. O-O Nc6 8. c3
Nb6 9. Bb3 e5 10. Bg5 Qd6 11. Nbd2 Bf5 12. g4 Bd3 13. dxe5 Nxe5 14. Re1 Rae8
15. Bf4 Nxf3+ 16. Qxf3 Rxe1+ 17. Rxe1 Qf6 18. Bxc7 Qxf3 19. Nxf3 Nc4 20. Re7
Bf6 21. Rd7 Be2 22. Nd4 Bd3 23. Ne6 fxe6 24. Rxd3 b5 25. Bxc4 bxc4 26. Rd7 Bh4
27. f4 Bg3 28. Be5 Rf7 29. Rd8+ Rf8 30. Rxf8+ Kxf8 31. Kg2 Be1 32. b4 cxb3 33.
axb3 Bd2 34. Kf3 g5 35. fxg5 Bxg5 36. Ke4 Ke7 37. b4 Kd7 38. b5 Bd2 39. c4 Bb4
40. Bd4 1-0

[Event "XXXV Festival A"]
[Site "Arco ITA"]
[Date "2013.10.13"]
[Round "2"]
[White "Vezzosi, Paolo"]
[Black "Wild, Helmut"]
[WhiteElo "2267"]
[BlackElo "1973"]
[Result "1-0"]
[PlyCount "61"]
[EventDate "2013.10.12"]

1. d4 d5 2. Nf3 c6 3. Bf4 Bf5 4. e3 Nf6 5. c4 e6 6. Nc3 Bd6 7. Ne5 h6 8. Qb3 b6
9. Be2 O-O 10. Rc1 Qc7 11. cxd5 exd5 12. Nb5 cxb5 13. Rxc7 Bxc7 14. Bxb5 a6 15.
Be2 b5 16. O-O Be6 17. a4 Ne4 18. Rc1 Nd2 19. Qd1 Bxe5 20. dxe5 Nc4 21. b3 Nb6
22. Qd4 N8d7 23. axb5 axb5 24. h4 Ra3 25. Qb4 Ra2 26. Bxb5 Rb8 27. Qd6 Nc8 28.
Rxc8+ Rxc8 29. Bxd7 Rd8 30. Bxe6 Rxd6 31. exd6 1-0

[Event "XXXV Festival A"]
[Site "Arco ITA"]
[Date "2013.10.13"]
[Round "2"]
[White "Weinberg, Emanuele"]
[Black "Dappiano, Andrea"]
[WhiteElo "1774"]
[BlackElo "2170"]
[Result "0-1"]
[PlyCount "86"]
[EventDate "2013.10.12"]

1. d4 d6 2. c4 e5 3. dxe5 dxe5 4. Qxd8+ Kxd8 5. Nc3 c6 6. Bg5+ f6 7. Rd1+ Kc7
8. Bd2 Be6 9. e4 Nd7 10. Be2 Nh6 11. Nf3 Nf7 12. h4 Bb4 13. Nb5+ cxb5 14. Bxb4
bxc4 15. Bxc4 Bxc4 16. Rc1 b5 17. b3 Nb6 18. bxc4 bxc4 19. Nd2 Nd6 20. Bxd6+
Kxd6 21. Nxc4+ Nxc4 22. Rxc4 Rhc8 23. Rxc8 Rxc8 24. Kd2 Rc4 25. Ke3 Rc3+ 26.
Kd2 Ra3 27. Rd1 Rxa2+ 28. Ke3+ Ke6 29. Rb1 Ra3+ 30. Ke2 Ra4 31. Ke3 Rd4 32. Rb8
Rd7 33. Ra8 Kd6 34. Kd3 Kc5+ 35. Kc3 Kb6 36. Rb8+ Rb7 37. Rd8 a5 38. Rd6+ Kb5
39. Rd5+ Ka4 40. Rc5 Rb1 41. Kd3 Rd1+ 42. Kc2 Rf1 43. Rc4+ Kb5 0-1

[Event "XXXV Festival A"]
[Site "Arco ITA"]
[Date "2013.10.13"]
[Round "2"]
[White "Zucchelli, Massimo"]
[Black "Renzi, Marco"]
[WhiteElo "2199"]
[BlackElo "1940"]
[Result "1-0"]
[PlyCount "99"]
[EventDate "2013.10.12"]

1. d4 d5 2. c4 c6 3. e3 Nf6 4. Nf3 Bf5 5. Nc3 e6 6. Nh4 Bg4 7. f3 Bh5 8. g3 Be7
9. Ng2 Nbd7 10. cxd5 cxd5 11. h4 h6 12. Bd3 e5 13. g4 Bg6 14. Bxg6 fxg6 15. Qd3
Kf7 16. Bd2 Re8 17. O-O-O Rc8 18. Kb1 Qb6 19. g5 e4 20. fxe4 Nxe4 21. Nxd5
Nxd2+ 22. Rxd2 Qc6 23. Qb3 Qc4 24. Qxb7 Qc6 25. Qxc6 Rxc6 26. Rf1+ Kg8 27. Rc2
Rxc2 28. Kxc2 Nb6 29. Nxe7+ Rxe7 30. Kd3 Nd5 31. a3 a5 32. e4 Nb6 33. b4 axb4
34. axb4 Ra7 35. d5 Ra4 36. Rb1 Ra3+ 37. Kd4 Kf7 38. Kc5 Na4+ 39. Kd4 Ra2 40.
Nf4 Nb6 41. Rc1 Rh2 42. Rc7+ Kg8 43. Ne6 Rxh4 44. Rxg7+ Kh8 45. Rb7 hxg5 46.
Rxb6 g4 47. d6 Rh1 48. Ke5 g3 49. d7 Kh7 50. d8=Q 1-0

[Event "XXXV Festival A"]
[Site "Arco ITA"]
[Date "2013.10.14"]
[Round "3"]
[White "Barlocco, Carlo"]
[Black "Hocevar, Nikola"]
[WhiteElo "2148"]
[BlackElo "2005"]
[Result "1-0"]
[PlyCount "81"]
[EventDate "2013.10.12"]

1. Nf3 c5 2. g3 Nc6 3. Bg2 g6 4. d4 cxd4 5. Nxd4 Bg7 6. Nxc6 bxc6 7. c4 Nf6 8.
Nc3 Bb7 9. O-O O-O 10. Bf4 d6 11. Rc1 e5 12. Bg5 h6 13. Bxf6 Bxf6 14. Ne4 Be7
15. Qd2 c5 16. Nc3 Bxg2 17. Kxg2 Kg7 18. Rfd1 Qd7 19. Qd5 Rad8 20. Rc2 Rfe8 21.
Rcd2 Qc7 22. Qf3 Bf8 23. Rd3 a6 24. Nd5 Qb8 25. Rb3 Qa7 26. Rdd3 Rb8 27. h4
Rxb3 28. Rxb3 Rb8 29. Qc3 Rb7 30. Ra3 Be7 31. Qc2 Bd8 32. Rd3 Rd7 33. Qa4 a5
34. Kg1 f6 35. Qd1 Kf7 36. e3 f5 37. Nc3 Ke6 38. e4 Bf6 39. h5 Qb8 40. hxg6 f4
41. Qg4+ 1-0

[Event "XXXV Festival A"]
[Site "Arco ITA"]
[Date "2013.10.14"]
[Round "3"]
[White "Bellincampi, Stefano"]
[Black "Meister, Peter"]
[WhiteElo "2017"]
[BlackElo "2399"]
[Result "0-1"]
[PlyCount "100"]
[EventDate "2013.10.12"]

1. e4 e6 2. d4 d5 3. Nd2 Nf6 4. e5 Nfd7 5. c3 c5 6. Bd3 Nc6 7. Ne2 cxd4 8. cxd4
f6 9. exf6 Nxf6 10. Nf3 Bd6 11. O-O Qc7 12. Bg5 O-O 13. Bh4 Nh5 14. Qc2 h6 15.
Bh7+ Kh8 16. Bg6 Nf4 17. Nxf4 Bxf4 18. Bg3 Qb6 19. Rad1 Bd7 20. Rfe1 Rac8 21.
Qe2 Bxg3 22. hxg3 Rf6 23. Bb1 Be8 24. Ne5 Nxd4 25. Qd3 Nf5 26. g4 Bb5 27. Qh3
Ne7 28. g5 Qxf2+ 29. Kh1 Rf4 30. Ng4 Rxg4 31. Qxg4 Rc4 32. Be4 Rxe4 33. Rxe4
dxe4 34. gxh6 Nf5 35. hxg7+ Nxg7 36. Rd8+ Kh7 37. Qxe4+ Qf5 38. Qe3 Bc6 39. Qg3
e5 40. Kg1 Qf4 41. Qh3+ Kg6 42. Rd6+ Kf7 43. Qh7 Qg3 44. Qc2 e4 45. Qc4+ Ke7
46. Rd4 Ne6 47. Rd1 e3 48. Qc2 Ng5 49. Rf1 Nh3+ 50. Kh1 Nf2+ 0-1

[Event "XXXV Festival A"]
[Site "Arco ITA"]
[Date "2013.10.14"]
[Round "3"]
[White "Bisignano, Giuseppe"]
[Black "Ager, Josef"]
[WhiteElo "1908"]
[BlackElo "2168"]
[Result "0-1"]
[PlyCount "66"]
[EventDate "2013.10.12"]

1. e4 e5 2. Nf3 Nc6 3. Bb5 a6 4. Ba4 d6 5. d4 Bd7 6. O-O Nge7 7. d5 Nb8 8. c4
b5 9. Bb3 Ng6 10. a3 Be7 11. Nc3 O-O 12. Be3 f5 13. c5 fxe4 14. Nxe4 Bg4 15.
cxd6 cxd6 16. Rc1 Nh4 17. Qd3 Nxf3+ 18. gxf3 Bxf3 19. Nc5 dxc5 20. d6+ c4 21.
Rfd1 Bg5 22. Rd2 Kh8 23. Qc3 Bxe3 24. Qxe3 cxb3 25. Qxe5 Nd7 26. Qg3 Qf6 27.
Rd3 Ne5 28. Re3 Nc4 29. Rxb3 Rad8 30. Rcc3 Nd2 31. Rb4 Rxd6 32. Rf4 Qxf4 33.
Qxf4 Rg6+ 0-1

[Event "XXXV Festival A"]
[Site "Arco ITA"]
[Date "2013.10.14"]
[Round "3"]
[White "Bruno, Fabio"]
[Black "Huemmer, Bernd"]
[WhiteElo "2408"]
[BlackElo "2195"]
[Result "1/2-1/2"]
[PlyCount "46"]
[EventDate "2013.10.12"]

1. d4 Nf6 2. Nf3 e6 3. e3 b6 4. Bd3 Bb7 5. O-O d5 6. Ne5 Bd6 7. f4 O-O 8. b3
Nbd7 9. Bb2 Qe7 10. Nc3 a6 11. a4 Ne4 12. Nxe4 dxe4 13. Be2 Qd8 14. c4 Bb4 15.
Qc2 Nxe5 16. fxe5 Qg5 17. Rf4 c5 18. Raf1 Rad8 19. Bg4 h5 20. h4 Qh6 21. Bh3
cxd4 22. exd4 Be7 23. Qc1 e3 1/2-1/2

[Event "XXXV Festival A"]
[Site "Arco ITA"]
[Date "2013.10.14"]
[Round "3"]
[White "Buglisi, Massimo"]
[Black "Bonagura, Stefano"]
[WhiteElo "1942"]
[BlackElo "2183"]
[Result "0-1"]
[PlyCount "70"]
[EventDate "2013.10.12"]

1. d4 d5 2. c4 c6 3. Nc3 Nf6 4. cxd5 cxd5 5. Bf4 Nc6 6. e3 a6 7. Bd3 g6 8. Rc1
Bg7 9. Nf3 O-O 10. O-O Bg4 11. h3 Bxf3 12. Qxf3 h6 13. a3 e6 14. Na4 Qe7 15.
Nc5 Rfc8 16. b4 Nh5 17. Bh2 f5 18. Rc2 Nf6 19. Qg3 g5 20. Qd6 Qxd6 21. Bxd6 Nd8
22. Rfc1 Ne4 23. Nxe4 Rxc2 24. Rxc2 fxe4 25. Be2 Nc6 26. a4 Rd8 27. Bc5 Rc8 28.
Bg4 Nd8 29. Rb2 Kf7 30. Bh5+ Kg8 31. Bg4 Kf7 32. b5 Rxc5 33. bxa6 Rc1+ 34. Kh2
bxa6 35. Rb6 Rc6 0-1

[Event "XXXV Festival A"]
[Site "Arco ITA"]
[Date "2013.10.14"]
[Round "3"]
[White "Dappiano, Andrea"]
[Black "Schnitzspan, Lothar"]
[WhiteElo "2170"]
[BlackElo "2324"]
[Result "0-1"]
[PlyCount "64"]
[EventDate "2013.10.12"]

1. Nf3 Nf6 2. g3 g6 3. Bg2 Bg7 4. c4 O-O 5. O-O d5 6. cxd5 Nxd5 7. Nc3 Nxc3 8.
dxc3 Nd7 9. Bf4 c6 10. Qc2 e5 11. Bg5 Qc7 12. Rad1 Re8 13. e4 Nb6 14. b3 Be6
15. Be3 h6 16. Nh4 Rad8 17. Rxd8 Rxd8 18. f4 exf4 19. gxf4 Qe7 20. Nf3 c5 21.
c4 Nc8 22. Nd2 b6 23. e5 Qd7 24. Ne4 Bh3 25. Qf2 Bxg2 26. Qxg2 Qd3 27. Bc1 Ne7
28. Nd6 Nf5 29. Nxf5 Qxf5 30. Qe2 Rd4 31. Rd1 Re4 32. Qg2 Bxe5 0-1

[Event "XXXV Festival A"]
[Site "Arco ITA"]
[Date "2013.10.14"]
[Round "3"]
[White "Dittmar, Peter"]
[Black "Ziltener, Werner"]
[WhiteElo "2323"]
[BlackElo "2018"]
[Result "1-0"]
[PlyCount "101"]
[EventDate "2013.10.12"]

1. e4 e5 2. Bc4 Nf6 3. d3 d5 4. exd5 Nxd5 5. Nf3 Nc6 6. O-O Be6 7. Ng5 Bc5 8.
Nxe6 fxe6 9. Nc3 O-O 10. Ne4 Bb6 11. Qg4 Qe7 12. Ng5 Nd4 13. Nxe6 Qxe6 14.
Qxe6+ Nxe6 15. Bxd5 Rae8 16. Be3 c6 17. Bxe6+ Rxe6 18. Bxb6 axb6 19. Rfe1 Kf7
20. Re4 c5 21. Rae1 Rfe8 22. a4 Kf6 23. R1e3 g5 24. h4 h6 25. hxg5+ hxg5 26.
Rf3+ Kg6 27. Kh2 Rd8 28. Kg3 Rd4 29. b3 Re8 30. Rfe3 Kf5 31. Rf3+ Kg6 32. Kg4
Rh8 33. g3 Rhd8 34. Rf5 Rxe4+ 35. dxe4 Rd2 36. Rxe5 Kf6 37. Rf5+ Ke6 38. Rxg5
Rxf2 39. Rg6+ Ke5 40. Rxb6 Rxc2 41. Rxb7 Kxe4 42. a5 Ra2 43. Rb5 Kd4 44. Kf5
Rf2+ 45. Kg5 Rf8 46. g4 Rg8+ 47. Kf4 Rf8+ 48. Kg3 Rg8 49. a6 Ra8 50. Ra5 Ra7
51. g5 1-0

[Event "XXXV Festival A"]
[Site "Arco ITA"]
[Date "2013.10.14"]
[Round "3"]
[White "Ivanov, Mikhail M."]
[Black "Trauth, Michael"]
[WhiteElo "2347"]
[BlackElo "2182"]
[Result "1/2-1/2"]
[PlyCount "38"]
[EventDate "2013.10.12"]

1. d4 Nf6 2. g3 c5 3. d5 g6 4. Bg2 Bg7 5. e4 d6 6. a4 O-O 7. Ne2 Na6 8. O-O b6
9. h3 Bb7 10. Nbc3 Nc7 11. Be3 a6 12. Rb1 b5 13. axb5 Nxb5 14. Qd2 Re8 15. Na4
a5 16. c4 Nc7 17. e5 Nd7 18. e6 fxe6 19. dxe6 Bxg2 1/2-1/2

[Event "XXXV Festival A"]
[Site "Arco ITA"]
[Date "2013.10.14"]
[Round "3"]
[White "Karl, Hans"]
[Black "Vezzosi, Paolo"]
[WhiteElo "2131"]
[BlackElo "2267"]
[Result "1/2-1/2"]
[PlyCount "43"]
[EventDate "2013.10.12"]

1. e4 c5 2. Nc3 Nc6 3. g3 g6 4. Bg2 Bg7 5. d3 e6 6. Be3 Nd4 7. Qd2 Qa5 8. f4
Ne7 9. Nf3 O-O 10. O-O Nec6 11. e5 d6 12. exd6 Rd8 13. Ne5 Rxd6 14. Nc4 Qd8 15.
Nxd6 Qxd6 16. Ne4 Qe7 17. c3 f5 18. Ng5 h6 19. Nf3 Nxf3+ 20. Bxf3 Bd7 21. Qf2
b6 22. Rfe1 1/2-1/2

[Event "XXXV Festival A"]
[Site "Arco ITA"]
[Date "2013.10.14"]
[Round "3"]
[White "Karpatchev, Aleksandr"]
[Black "Zucchelli, Massimo"]
[WhiteElo "2461"]
[BlackElo "2199"]
[Result "1-0"]
[PlyCount "81"]
[EventDate "2013.10.12"]

1. e4 e6 2. d4 d5 3. Nd2 c5 4. exd5 Qxd5 5. dxc5 Bxc5 6. Ngf3 Nf6 7. Bc4 Qc6 8.
Qe2 O-O 9. O-O Nbd7 10. a3 a5 11. Nb3 b6 12. Bf4 Bb7 13. Bb5 Qc8 14. Rad1 a4
15. Nxc5 Nxc5 16. c4 Nfe4 17. Nd4 f6 18. f3 e5 19. fxe4 Nxe4 20. Be3 exd4 21.
Rxd4 Nc5 22. Rd6 Rd8 23. Rxb6 Qc7 24. Bxc5 Qxc5+ 25. Qf2 Rab8 26. Re6 Qc7 27.
Rfe1 Qa5 28. Qg3 Qd2 29. Re7 Qd4+ 30. Qe3 Qxe3+ 31. R7xe3 Rd2 32. R1e2 Rbd8 33.
Bxa4 h5 34. h4 R2d4 35. Re7 Ba6 36. Bb5 Bxb5 37. cxb5 Rd1+ 38. Kf2 Rb8 39. Re8+
Rxe8 40. Rxe8+ Kf7 41. Re2 1-0

[Event "XXXV Festival A"]
[Site "Arco ITA"]
[Date "2013.10.14"]
[Round "3"]
[White "Ottaviani, Gianluca"]
[Black "Ambartsumova, Karina"]
[WhiteElo "1983"]
[BlackElo "2320"]
[Result "1-0"]
[PlyCount "155"]
[EventDate "2013.10.12"]

1. e4 c5 2. Nf3 e6 3. d4 cxd4 4. Nxd4 Nc6 5. Nb5 d6 6. c4 Nf6 7. N1c3 a6 8. Na3
Be7 9. Be2 O-O 10. Be3 Nb8 11. O-O Nbd7 12. Qd2 b6 13. Rfd1 Bb7 14. f3 Qc7 15.
Rac1 Rac8 16. Bf1 Qb8 17. Kh1 Bd8 18. Bg1 Bc7 19. Nc2 Rfd8 20. Qe1 Kh8 21. Qh4
Rg8 22. Be3 Ne5 23. Rd4 Ng6 24. Qh3 Rgd8 25. Bg5 Re8 26. Ne3 Ng8 27. Ng4 f6 28.
Be3 f5 29. Nf2 f4 30. Bd2 b5 31. Be1 Bb6 32. Rdd1 Be3 33. Rc2 bxc4 34. Ng4 Ba7
35. Rcd2 Red8 36. Bf2 Bxf2 37. Nxf2 Nf8 38. Rd4 Bc6 39. R4d2 Be8 40. Ne2 g5 41.
g3 Ba4 42. Rc1 e5 43. gxf4 gxf4 44. Qh5 Qa7 45. Nd1 Be8 46. Qg5 Ne6 47. Qh4 Qf7
48. Bh3 Nf6 49. Ndc3 Rb8 50. Rg1 Bc6 51. Bf5 Nf8 52. Nxf4 exf4 53. Rdg2 Ne6 54.
Rg6 Rg8 55. Rxf6 Rxg1+ 56. Kxg1 Rg8+ 57. Kf1 Qa7 58. Qxh7+ Qxh7 59. Bxh7 Kxh7
60. Rxe6 Rd8 61. Rf6 Bd7 62. Rxf4 Kg6 63. Nd5 Rb8 64. Rf6+ Kg7 65. Rxd6 Bh3+
66. Ke1 Rxb2 67. Rxa6 Bg2 68. Ra3 Bh1 69. h4 Rh2 70. h5 Kh6 71. e5 Rxh5 72. Re3
Bxf3 73. Rxf3 Rxe5+ 74. Ne3 c3 75. Kd1 Rb5 76. Nc4 Rb1+ 77. Kc2 Ra1 78. a3 1-0

[Event "XXXV Festival A"]
[Site "Arco ITA"]
[Date "2013.10.14"]
[Round "3"]
[White "Pedersen, Henrik Bolding"]
[Black "Megret, Jean"]
[WhiteElo "2123"]
[BlackElo "1624"]
[Result "1/2-1/2"]
[PlyCount "175"]
[EventDate "2013.10.12"]

1. d4 Nf6 2. Nf3 g6 3. Bg5 Bg7 4. Nbd2 O-O 5. e3 d6 6. Be2 c5 7. c3 b6 8. O-O
Bb7 9. a4 a6 10. b4 cxb4 11. cxb4 Nbd7 12. Qb3 Ne4 13. Nxe4 Bxe4 14. Rac1 Nf6
15. Nd2 Bb7 16. Rc2 Ne4 17. Nxe4 Bxe4 18. Rc3 h6 19. Bh4 g5 20. Bg3 Qd7 21. b5
a5 22. Rfc1 Rfc8 23. Bc4 e6 24. f3 Bb7 25. R3c2 Kh8 26. h4 Bf6 27. hxg5 hxg5
28. Kf2 Kg7 29. Bd3 Rxc2+ 30. Rxc2 Rc8 31. Rxc8 Bxc8 32. Be4 d5 33. Bc2 Kf8 34.
Qc3 Bd8 35. Ke2 Bb7 36. Kd2 Ke8 37. Bb3 Kf8 38. Qc2 f6 39. Qg6 Qf7 40. Qh6+ Ke8
41. Bc2 Kd7 42. Qh7 Qxh7 43. Bxh7 Bc7 44. Bf2 f5 45. g4 fxg4 46. fxg4 Bd8 47.
Kd3 Bc7 48. Be1 Ke7 49. Ke2 Kd7 50. Bd2 Bd8 51. Kd3 Kd6 52. Bc1 Kd7 53. Bg6 Ba8
54. Bd2 Bb7 55. Be1 Ba8 56. Bf7 Bb7 57. Bg3 Ba8 58. Be5 Bb7 59. Bg7 Ba8 60. Bf8
Be7 61. Bg7 Bd8 62. Be5 Bb7 63. Bb8 Ba8 64. Bg3 Bb7 65. Bg6 Ba8 66. Kc3 Bb7 67.
Be5 Ba8 68. Kd3 Bb7 69. e4 Ba8 70. Bg7 Bb7 71. Bf8 Ba8 72. Ba3 Bb7 73. e5 Ba8
74. Bd6 Bb7 75. Bf7 Ba8 76. Bf8 Bb7 77. Bg7 Bc8 78. Bg6 Be7 79. Ke3 Bd8 80. Bf7
Be7 81. Bg8 Kd8 82. Bh7 Kd7 83. Bg6 Kd8 84. Bf7 Kd7 85. Bh6 Kd8 86. Bg6 Kd7 87.
Bg7 Kd8 88. Bd3 1/2-1/2

[Event "XXXV Festival A"]
[Site "Arco ITA"]
[Date "2013.10.14"]
[Round "3"]
[White "Perman, Sergey"]
[Black "De Santis, Alessio"]
[WhiteElo "2133"]
[BlackElo "2294"]
[Result "1/2-1/2"]
[PlyCount "22"]
[EventDate "2013.10.12"]

1. e4 c5 2. Nf3 e6 3. c3 Qa5 4. g3 Be7 5. Bg2 h5 6. O-O h4 7. e5 hxg3 8. hxg3
Nc6 9. d4 cxd4 10. cxd4 d5 11. Nc3 Bd7 1/2-1/2

[Event "XXXV Festival A"]
[Site "Arco ITA"]
[Date "2013.10.14"]
[Round "3"]
[White "Pipitone, Antonio"]
[Black "Kierzek, Matthias"]
[WhiteElo "1923"]
[BlackElo "2236"]
[Result "0-1"]
[PlyCount "62"]
[EventDate "2013.10.12"]

1. e4 c6 2. d4 d5 3. Nc3 dxe4 4. Nxe4 Bf5 5. Ng3 Bg6 6. Nf3 Nd7 7. h4 h6 8. h5
Bh7 9. Bd3 Bxd3 10. Qxd3 e6 11. Bd2 Ngf6 12. O-O-O Be7 13. c4 O-O 14. Kb1 b5
15. Rc1 Rb8 16. Qe2 bxc4 17. Rxc4 Qb6 18. Bf4 Rb7 19. Rhc1 Nd5 20. Rxc6 Qb4 21.
Be3 N7b6 22. Bd2 Qa4 23. b3 Qa3 24. R1c2 Bb4 25. Ne5 Bxd2 26. Rxd2 Na4 27. Qf3
Rfb8 28. Nd3 Nac3+ 29. Rxc3 Nxc3+ 30. Kc2 Qxa2+ 31. Kxc3 Qxb3# 0-1

[Event "XXXV Festival A"]
[Site "Arco ITA"]
[Date "2013.10.14"]
[Round "3"]
[White "Rahls, Peter"]
[Black "Kveinys, Aloyzas"]
[WhiteElo "2228"]
[BlackElo "2511"]
[Result "0-1"]
[PlyCount "64"]
[EventDate "2013.10.12"]

1. e4 c5 2. c3 Nf6 3. e5 Nd5 4. d4 cxd4 5. cxd4 d6 6. Nf3 e6 7. Bc4 Be7 8. O-O
O-O 9. Qe2 b6 10. Nc3 Nxc3 11. bxc3 Bb7 12. Bd3 Nd7 13. Be4 Bxe4 14. Qxe4 Rc8
15. Bd2 dxe5 16. dxe5 Nc5 17. Qg4 Qd3 18. Rad1 Qe4 19. Qg3 Rfd8 20. Bg5 Rxd1
21. Rxd1 Bf8 22. h4 Qc2 23. Rd2 Qb1+ 24. Kh2 Ne4 25. Qg4 Nxd2 26. Bxd2 Qxa2 27.
h5 Qc2 28. Qd4 Rc5 29. g4 h6 30. Qf4 Be7 31. Be3 Rxc3 32. Nd4 Qd3 0-1

[Event "XXXV Festival A"]
[Site "Arco ITA"]
[Date "2013.10.14"]
[Round "3"]
[White "Van Der Heijden, Anton"]
[Black "Valenti, Giuseppe"]
[WhiteElo "2300"]
[BlackElo "2177"]
[Result "1-0"]
[PlyCount "105"]
[EventDate "2013.10.12"]

1. d4 Nf6 2. c4 e6 3. Nf3 c5 4. d5 exd5 5. cxd5 d6 6. Nc3 g6 7. Bf4 a6 8. Nd2
Nh5 9. Qa4+ b5 10. Nxb5 axb5 11. Qxa8 Qb6 12. Be3 Bg7 13. Rc1 O-O 14. b4 Bb7
15. Qa3 cxb4 16. Qxb4 Qa6 17. Bd4 Bxd5 18. Bxg7 Nxg7 19. e4 Bc6 20. Be2 Ne6 21.
O-O Nf4 22. Rfe1 Nxe2+ 23. Rxe2 Qxa2 24. Qxd6 Qa8 25. Re3 Re8 26. Nb3 Re6 27.
Qd8+ Re8 28. Qd4 Nd7 29. Qd6 Ne5 30. Nd4 Bxe4 31. Ra3 Qb7 32. Rc7 Nc4 33. Qd7
Qxc7 34. Qxc7 Nxa3 35. f3 Ba8 36. Qd7 Rf8 37. Qe7 Nc4 38. Nxb5 Nb6 39. Qd6 Nd5
40. h4 h5 41. Qe5 Bc6 42. Nd6 Rd8 43. Kh2 Ra8 44. f4 Ra4 45. Ne4 Ra2 46. f5
gxf5 47. Qg3+ Kf8 48. Qd6+ Ne7 49. Qh6+ Ke8 50. Nf6+ Kd8 51. Qf8+ Kc7 52. Qxe7+
Kb6 53. Nd7+ 1-0

[Event "XXXV Festival A"]
[Site "Arco ITA"]
[Date "2013.10.14"]
[Round "3"]
[White "Xia, Jie"]
[Black "Tocco, Paolo"]
[WhiteElo "2282"]
[BlackElo "2133"]
[Result "1-0"]
[PlyCount "67"]
[EventDate "2013.10.12"]

1. Nf3 f5 2. e4 fxe4 3. Ng5 Nf6 4. d3 e5 5. dxe4 h6 6. Nf3 Nc6 7. Bc4 d6 8. Nc3
Bg4 9. h3 Bxf3 10. Qxf3 Nd4 11. Qd3 c6 12. a4 Qd7 13. Be3 Ne6 14. Nd5 O-O-O 15.
Nxf6 gxf6 16. Bxe6 Qxe6 17. Bxa7 Rg8 18. Bb6 Rd7 19. a5 d5 20. a6 Kb8 21. axb7
Rxb7 22. Ra6 Qd6 23. O-O dxe4 24. Rfa1 Rxb6 25. Rxb6+ Kc7 26. Qb3 Qd5 27. c4
Qc5 28. Raa6 Be7 29. Rxc6+ Qxc6 30. Rxc6+ Kxc6 31. Qb5+ Kc7 32. Qa5+ Kb8 33.
Qb6+ Ka8 34. c5 1-0

[Event "XXXV Festival A"]
[Site "Arco ITA"]
[Date "2013.10.15"]
[Round "4"]
[White "Ager, Josef"]
[Black "Hilbenz, Guntram"]
[WhiteElo "2168"]
[BlackElo "1909"]
[Result "1-0"]
[PlyCount "55"]
[EventDate "2013.10.12"]

1. d4 d6 2. e4 Nf6 3. Bd3 e5 4. c3 d5 5. dxe5 Nxe4 6. Bxe4 dxe4 7. Qa4+ Bd7 8.
Qxe4 Bc6 9. Qg4 h5 10. Qg3 h4 11. Qg4 Qd7 12. e6 Qxe6+ 13. Qxe6+ fxe6 14. f3
Nd7 15. Bg5 Ne5 16. Nd2 Nd3+ 17. Ke2 Nxb2 18. Rc1 Na4 19. Nh3 Ba3 20. Rc2 Nc5
21. Nb1 Ba4 22. Nxa3 Bxc2 23. Nxc2 Kf7 24. Rd1 e5 25. Rd5 Ne6 26. Rxe5 Rae8 27.
Be3 Kf6 28. Re4 1-0